Identidad e intimidad en la adolescencia : ¿ procesos secuenciales o concomitantes ? (Record no. 70052)
[ view plain ]
| 000 -CABECERA | |
|---|---|
| campo de control de longitud fija | 00529nam a2200193 a 4500 |
| 005 - FECHA Y HORA DE LA ÚLTIMA TRANSACCIÓN | |
| campo de control | 20210219153152.0 |
| 008 - ELEMENTOS DE LONGITUD FIJA--INFORMACIÓN GENERAL | |
| campo de control de longitud fija | 991125n 000 0 spa u |
| 035 ## - NÚMERO DE CONTROL DEL SISTEMA | |
| Número de control de sistema | UPN01000081628 |
| 100 ## - ASIENTO PRINCIPAL--NOMBRE PERSONAL | |
| Nombre de persona | MARTINEZ, José Luis |
| 222 ## - TÍTULO CLAVE | |
| Título clave | ESTUDIOS DE PSICOLOGIA |
| 245 ## - MENCIÓN DE TÍTULO | |
| Título | Identidad e intimidad en la adolescencia : ¿ procesos secuenciales o concomitantes ? |
| 300 ## - DESCRIPCIÓN FÍSICA | |
| Extensión | 45-53 |
| 362 ## - FECHAS DE PUBLICACIÓN Y/O DESIGNACIÓN SECUENCIAL | |
| Fecha de publicación y/o designación secuencial | 1998 No. 59 |
| 653 0# - TERMINO DE INDIZACION - NO CONTROLADO | |
| Término no controlado | ADOLESCENCIA |
| 653 0# - TERMINO DE INDIZACION - NO CONTROLADO | |
| Término no controlado | IDENTIDAD |
| 653 0# - TERMINO DE INDIZACION - NO CONTROLADO | |
| Término no controlado | INTIMIDAD |
| 904 ## - ELEMENTOS DE DATOS D LOCAL, LDD (RLIN) | |
| a | AC |
| b | 019439 |
| 905 ## - TIPO DE MATERIAL | |
| Tipo de material | Articulo |
No items available.
